000 00438nam a2200157Ia 4500
008 230312s9999||||xx |||||||||||||| ||und||
020 _a978-0-07-066007
082 _a358-8
_bZEI-S
100 _aZeithaml A Valarie
245 0 _aServices Marketing
260 _bTata MC Graw Hill
_aDelhi
_c2008
300 _a743
546 _aEng.
650 _aManagement
_vDistinguishing Content Features.Conceptual and Research Foundations
942 _cBK
999 _c460
_d460